انتخاب غزلیات / (Record no. 193018)

MARC details
000 -LEADER
fixed length control field 00674nam a22002057a 4500
005 - DATE AND TIME OF LATEST TRANSACTION
control field 20221013112026.0
010 ## - LCCN (DPL NO)
LC control number UR-11750
020 ## - INTERNATIONAL STANDARD BOOK NUMBER
International Standard Book Number 9789390789818
Terms of availability 350.00
035 ## - SYSTEM CONTROL NUMBER
System control number U-10305
037 ## - SOURCE OF ACQUISITION
Source of stock number/acquisition DBAD/PUB
Stock number -
082 ## - DEWEY DECIMAL CLASSIFICATION NUMBER
Classification number 840.8
100 ## - MAIN ENTRY--PERSONAL NAME
Personal name شبنم حمید
245 ## - TITLE STATEMENT
Title انتخاب غزلیات /
Statement of responsibility, etc مرتبہ ، شبنم حمید
Medium ا ر د و
246 ## - VARYING FORM OF TITLE
Title proper/short title Intikhab-E-Ghazaliyat /
Remainder of title ed. by Shabnam Hameed
260 ## - PUBLICATION, DISTRIBUTION, ETC. (IMPRINT)
Place of publication, distribution, etc New Delhi
Name of publisher, distributor, etc Educational Publishing House
Date of publication, distribution, etc 2021 ء
270 ## - ADDRESS
Address H.O. D/16, Ansari Road, Daryaganj
City New Delhi
Postal code 110006
300 ## - PHYSICAL DESCRIPTION
Extent 292 ص
Dimensions 22cm(pbk)
700 ## - ADDED ENTRY--PERSONAL NAME
Personal name شبنم حمید
942 ## - ADDED ENTRY ELEMENTS (KOHA)
Source of classification or shelving scheme Dewey Decimal Classification
Item type Urdu Bks
Classification part 840.8
Call number suffix ش ب ن
Holdings
Withdrawn status Lost status Not for loan Collection code Home library Current library Date acquired Source of acquisition Cost, normal purchase price Full call number Barcode Copy number Cost, replacement price Koha item type
      Non-fiction Central Library Central Library 13/10/2022 DBAD/PUB 350.00 840.8 ش ب ن U-10305 1 350.00 Urdu Bks

© Delhi Public Library
Hit Counter
free hit counter